Normal view
MARC view
Entry Personal Name
001 - CONTROL NUMBER
- control field: 2797
003 - CONTROL NUMBER IDENTIFIER
- control field: HDC
005 - DATE AND TIME OF LATEST TRANSACTION
- control field: 20230624073134.0
008 - FIXED-LENGTH DATA ELEMENTS
- fixed length control field: 210109|| aca||aabn | a|a d
040 ## - CATALOGING SOURCE
- Original cataloging agency: HDC
- Transcribing agency: HDC
100 ## - HEADING--PERSONAL NAME
- Personal name: Tawfik Salah Mohammed Ben Bisher AL-Nahdi
670 ## - SOURCE DATA FOUND
- Source citation: Work cat.: (HDC): Tawfik Salah Mohammed Ben Bisher AL-Nahdi author, NTENTION TO PATRONAGE HALAL RESTAURANTS AMONG MALAYSIAN MUSLIMS AN ISSUE OF HALAL PERCEPTION, 2008
